| 000 -LEADER |
| fixed length control field |
01619nam a22001577a 4500 |
| 008 - FIXED-LENGTH DATA ELEMENTS--GENERAL INFORMATION |
| fixed length control field |
220912b ||||| |||| 00| 0 eng d |
| 100 ## - MAIN ENTRY--PERSONAL NAME |
| Personal name |
Roland, D. Forder, J. and Jones, K. |
| 245 ## - TITLE STATEMENT |
| Title |
State of the art what is out there and what can we learn? International evidence on funding and delivery of long-term care |
| 260 ## - PUBLICATION, DISTRIBUTION, ETC. (IMPRINT) |
| Place of publication, distribution, etc |
Social Policy and Society |
| 300 ## - PHYSICAL DESCRIPTION |
| Extent |
21(2), Apr, 2022: p.261-274 |
| 520 ## - SUMMARY, ETC. |
| Summary, etc |
This article describes the social care funding and delivery arrangements of a varied selection of developed countries, focusing on long-term care of older people. International evidence and latest reforms can inform the debate as countries struggle economically. Some have opted for mandatory social insurance that provides universal coverage. A premium is paid and if the insured individual or relatives require support, they are entitled to it. Others opted for a similar universal system but with earmarked taxation, while others fund their social care entirely from general taxation. Many chose a safety-net system in which benefits are means-tested leaving wealthier individuals to secure private arrangements of care. Within the UK, the level of support varies as Scotland provides personal care free of charge, being more generous than England, Wales and Northern Ireland. There is no “one solution”, but understanding different options can help in the discussion of current and future reforms. – Reproduced |
| 650 ## - SUBJECT ADDED ENTRY--TOPICAL TERM |
| Topical term or geographic name as entry element |
Long-term care, Social care, Funding, Delivery, Long-term care reform. |
| 9 (RLIN) |
32810 |
| 773 ## - HOST ITEM ENTRY |
| Main entry heading |
Social Policy and Society |
| 906 ## - LOCAL DATA ELEMENT F, LDF (RLIN) |
| Subject DIP |
SOCIAL CARE |
| 942 ## - ADDED ENTRY ELEMENTS (KOHA) |
| Item type |
Articles |